000 00308nam a22001337a 4500
008 171122b xxu||||| |||| 00| 0 eng d
020 _a9780256195170
041 _aeng
080 _a336
100 _a56
101 _aFIN
245 _aFUNDAMENTALS OF CORPORATE FINANCE
_cROBERTS.J
942 _2udc
_cBK
999 _c38293
_d38293